000 00201 a2200097 4500
001 30632
100 _aUnesco
245 _aFundamental Education
260 _a
_bMacmillan Co
_c
090 _c20569
_d20569
942 _aNUST-CAE
_c
_c11746
999 _c265705
_d265705